| 000 | 01114nam a2200277 i 4500 | ||
|---|---|---|---|
| 001 | 179321 | ||
| 003 | ES-MaACL | ||
| 005 | 20230906220740.0 | ||
| 008 | 111028s2009 sp abd |||| |dspa d | ||
| 020 | _a978-84-936224-4-2 | ||
| 080 | _a341.7(460:410)"16" | ||
| 080 | _a327(460:410)"16" | ||
| 080 | _a327(410:460)"16" | ||
| 100 | 1 |
_aFernández Nadal, Carmen María. _9148438 |
|
| 245 | 1 | 3 |
_aLa política exterior de la monarquía de Carlos II _b: el Consejo de Estado y la Embajada en Londres (1665-1700) / _cCarmen María Fernández Nadal. |
| 260 |
_aGijón : _bAteneo Jovellanos, _c[2009] |
||
| 300 |
_a446 p. : _bil., mapa ; _c24 cm. |
||
| 500 | _aÍndice. | ||
| 504 | _aBibliografía: p. [439]-446. | ||
| 586 | _aPremio Ateneo Jovellanos de Investigación Histórica Española e Hispanoamericana-Filipina, 2008 | ||
| 651 | 7 |
_aEspaña- _xServicio diplomático y consular- _zGran Bretaña. _9148439 |
|
| 651 | 7 |
_aEspaña- _xRelaciones- _zGran Bretaña. _9143992 |
|
| 651 | 7 |
_aGran Bretaña- _xRelaciones- _zEspaña. _9143993 |
|
| 710 | 2 |
_aAteneo Jovellanos (Gijón) _92045 |
|
| 852 |
_aES-MaACL _jN-4689 |
||
| 999 |
_c179321 _d179321 |
||